FC Barcelona Squad 2014-2015 - Statistics

General Stats
  • This quiz has been taken 2,651 times
    2,469 since last reset
  • The average score is 16 of 23
Answer Stats
Nbr Post Nationality Player % Correct
10 FW Argentina Lionel Messi
98%
9 FW Uruguay Luis Suarez
98%
11 FW Brazil Neymar JR
98%
1 GK Germany Marc-André Ter Stegen
94%
6 MF Spain Xavi Hernandez
94%
8 MF Spain Andrès Iniesta
93%
3 DF Spain Gerard Piqué
93%
4 MF Croatia Ivan Rakitic
89%
5 MF Spain Sergio Busquets
85%
18 DF Spain Jordi Alba
83%
13 GK Chile Claudio Bravo
82%
22 DF Brazil Daniel Alves
82%
14 MF Argentina Javier Mascherano
77%
7 FW Spain Pedro Rodriguez
71%
20 MF Spain Sergi Roberto
58%
23 DF Belgium Thomas Vermaelen
51%
24 DF France Jérémy Mathieu
49%
12 FW Spain Rafinha
47%
21 MF Brazil Adriano
37%
15 DF Spain Marc Bartra
36%
25 GK Spain Jordi Masip
29%
2 DF Spain Martin Montoya
28%
16 DF Brazil Douglas Pereira
25%
No matching quizzes found
Score Distribution
Percent of People with Each Score
Percentile by Number Answered
Your Score History
You have not taken this quiz since the last reset